000
00492nam a2200181Ia 4500
008
090124s9999 xx 000 0 und d
082
_b
116052
100
_a
भागवत यशवंत
245
_a
अग्निरेखा
250
_a
1
260
_c
1975
300
_a
115
600
_a
भागवत यशवंत
630
_a
अग्निरेखा
700
_a
भागवत यशवंत
730
_a
अग्निरेखा
942
_c
BOOK
999
_c
162143
_d
162143